Being digital

Αποθηκεύτηκε σε:
Λεπτομέρειες βιβλιογραφικής εγγραφής
Κύριος συγγραφέας: Negroponte, Nicholas
Μορφή: Βιβλίο
Γλώσσα:English
Δημοσίευση: Great Britain : Coronet Books, c1995.
Θέματα:
Ετικέτες: Προσθήκη ετικέτας
Δεν υπάρχουν, Καταχωρήστε ετικέτα πρώτοι!

MARC

LEADER 00000cam a2200000 i 4500
001 1/91414
008 991103s1995 enk| ||| |||| ||eng||
020 |a 0340649305   |q (χαρτόδετο) 
035 |l 10053578 
040 |a GR-MyUA  |b gre  |e AACR2 
041 0 |a eng 
082 7 |a 303.4833   |2 (22) 
100 1 |a Negroponte, Nicholas. 
245 1 0 |a Being digital /   |c Nicholas Negroponte.  
260 |a Great Britain :   |b Coronet Books,   |c c1995.  
300 |a viii, 249 σ. ;   |c 22 εκ. 
504 |a Περιέχει ευρετήριο.  
650 0 |a Digital communications  |x Social aspects. 
650 0 |a Technology and civilization. 
650 0 |a Computer networks  |x Social aspects. 
650 0 |a Interactive multimedia  |x Social aspects. 
767 0 8 |i Μεταφρασμένο ως:   |t Ψηφιακός κόσμος /  
852 |a INST  |b CHIOS  |e 19991103  |h 303.4833 NEG  |p 005200019602  |q 005200019602  |t BK  |y 0 
852 |a INST  |b SAMOS  |e 19991103  |h 303.4833 NEG  |p 005300016895  |q 005300016895  |t BK  |y 0 
901 |a BIBL3-1999-3 
901 |a BIBL2-1999-3 
922 |a 3ΕΛΗ  |b 199909  |c ΤΠΕΣ  |d ΠΑΠΑΣΩΤΗΡΙΟΥ 
922 |a 2ΕΛΗ  |b 199909  |c ΤΝΕΥ  |d ΠΑΠΑΣΩΤΗΡΙΟΥ 
950 |a 125-1999-07-15 
950 |a 133-1999-07-20 
970 |z 1999/07/ 
970 |a ΣΠΕΝΤΖΑ  |b ΕΛΕΝΗ  |z 1999/10/21